LION FEELS WORRIED / (Record no. 204697)
[ view plain ]
| 000 -LEADER | |
|---|---|
| fixed length control field | 01592nam a2200337 ia4500 |
| 005 - DATE AND TIME OF LATEST TRANSACTION | |
| control field | 20260628132402.0 |
| 008 - FIXED-LENGTH DATA ELEMENTS--GENERAL INFORMATION | |
| fixed length control field | 260628t20242024enka jr 000 1 eng d |
| 020 ## - INTERNATIONAL STANDARD BOOK NUMBER | |
| International Standard Book Number | 9781445190808 |
| Terms of availability | RM45.00 |
| Qualifying information | hardback |
| 040 ## - CATALOGING SOURCE | |
| Original cataloging agency | PPAK |
| Language of cataloging | eng |
| Transcribing agency | PPAK |
| Description conventions | rda |
| 082 04 - DEWEY DECIMAL CLASSIFICATION NUMBER | |
| Edition number | 23 |
| Classification number | 428.6 |
| 090 00 - LOCALLY ASSIGNED LC-TYPE CALL NUMBER (OCLC); LOCAL CALL NUMBER (RLIN) | |
| Classification number (OCLC) (R) ; Classification number, CALL (RLIN) (NR) | 428.6 |
| Feature heading | GRA |
| Feature heading | K |
| 100 1# - MAIN ENTRY--PERSONAL NAME | |
| Personal name | Graves, Sue, |
| Relator term | author. |
| 245 10 - TITLE STATEMENT | |
| Title | LION FEELS WORRIED / |
| Statement of responsibility, etc. | SUE GRAVES AND TREVOR DUNTON |
| 250 ## - EDITION STATEMENT | |
| Edition statement | This edition first published in 2024 |
| 264 #1 - PRODUCTION, PUBLICATION, DISTRIBUTION, MANUFACTURE, AND COPYRIGHT NOTICE | |
| Place of production, publication, distribution, manufacture | London : |
| Name of producer, publisher, distributor, manufacturer | Franklin Watts, |
| Date of production, publication, distribution, manufacture, or copyright notice | 2024 |
| Date of production, publication, distribution, manufacture, or copyright notice | ©2024 |
| 300 ## - PHYSICAL DESCRIPTION | |
| Extent | 12 unnumbered pages : |
| Other physical details | colour illustrations ; |
| Dimensions | 18 cm |
| 336 ## - CONTENT TYPE | |
| Content type term | text |
| Source | rdacontent |
| 337 ## - MEDIA TYPE | |
| Media type term | unmediated |
| Source | rdamedia |
| 338 ## - CARRIER TYPE | |
| Carrier type term | volume |
| Source | rdacarrier |
| 490 1# - SERIES STATEMENT | |
| Series statement | Behaviour MATTERS! |
| 500 ## - GENERAL NOTE | |
| General note | First published in 2015 by Franklin Watts. |
| 520 ## - SUMMARY, ETC. | |
| Summary, etc. | Lion is off on a school trip to Jungle Land - the most exciting theme park EVER! He should be thrilled, but he cannot stop worrying and it's ruining the trip for him. Can Miss Bird and his friends help him to relax and have fun? A lively board book that examines the issue of being worried in an amusing but reassuring way through animal characters - perfect for young children who have feelings of anxiety and worry. The story offers a gentle way in to discussing the things children worry about. |
| 650 10 - SUBJECT ADDED ENTRY--TOPICAL TERM | |
| Topical term or geographic name entry element | Readers |
| Form subdivision | Juvenile fiction. |
| Topical term or geographic name entry element | Children's stories, English. |
| Topical term or geographic name entry element | Behavior modification |
| Form subdivision | Juvenile fiction. |
| 655 ## - INDEX TERM--GENRE/FORM | |
| Genre/form data or focus term | Board books |
| 700 1# - ADDED ENTRY--PERSONAL NAME | |
| Personal name | Dunton, Trevor, |
| Relator term | illustrator. |
| 830 #0 - SERIES ADDED ENTRY--UNIFORM TITLE | |
| Uniform title | Behavior matters! |
| 942 ## - ADDED ENTRY ELEMENTS (KOHA) | |
| Source of classification or shelving scheme | Dewey Decimal Classification |
| Koha item type | Book |
No items available.